Normal view
MARC view
Entry Personal Name
001 - CONTROL NUMBER
- control field: 19110
003 - CONTROL NUMBER IDENTIFIER
- control field: ARRUPE
005 - DATE AND TIME OF LATEST TRANSACTION
- control field: 20150828094314.0
008 - FIXED-LENGTH DATA ELEMENTS
- fixed length control field: 150828|| aca||aabn | a|a d
040 ## - CATALOGING SOURCE
- Original cataloging agency: ARRUPE
- Transcribing agency: ARRUPE
100 ## - HEADING--PERSONAL NAME
- Personal name: Aikin, Scott F.
670 ## - SOURCE DATA FOUND
- Source citation: Work cat.: (ARRUPE)0: Talisse, Robert B. 19108, Pragmatism :, c2008.